000 00596nam a2200181Ia 4500
008 090123s9999 xx 000 0 und d
082 _b10720
100 _aभागवत भा.रा.
245 _aगुप्त खजिन्याचे बेट
250 _a1
260 _bअतुल प्रकाशन
_c1984
300 _a84
600 _aभागवत भा.रा.
630 _aगुप्त खजिन्याचे बेट
700 _aभागवत भा.रा.
730 _aगुप्त खजिन्याचे बेट
942 _cBOOK
999 _c48786
_d48786